Представление документа в формате RUSMARC

ПолеНазваниеЗначение
  Тип записи a
  Библиографический уровень m
001 Контрольный номер RU/IS/BASE/555699521
005 Дата корректировки 20201206205100.4
010 Индекс ISBN __
a ISBN 978-5-699-83601-7 (в пер.)
d Цена 332-20
100 Данные общей обработки __
a Данные общей обработки 1917081192016||||||| 0rusy0189 ca
101 Язык документа 0_
a Язык текста rus
102 Страна публикации __
a Страна публикации RU|
105 Кодированные данные (монография) __
a Кодированные данные (монография) a|||||||000zy
200 Заглавие и сведения об ответственности 1_
a Заглавие Почему мы болеем
e Сведения, относящиеся к заглавию откровенный разговор биолога с верующими и неверующими
f Первые сведения об ответственности Ольга Сорокина
b Общее обозначение материала Текст
210 Выходные данные __
a Место издания Москва
c Издательство Э
d Дата издания 2016
215 Физическое описание __
a Объем 222, [1] с.
d Формат 21 см
300 Общие примечания __
a Общие примечания 30000 экз.
330 Аннотация __
a Аннотация Неожиданная книга на стыке медицины и биологии с привлечением текста Библии написана ученым, кандидатом наук. Ольга Сорокина участвовала в издании более 1000 профессиональных книг о медицине и здоровье. В предельно честной манере она делится всем самым ценным, что она узнала из рукописей и личного общения со знаменитыми врачами. Многие врачи и биологи – глубоко верующие люди, а среди священников много медиков, и это не случайно. Законы человеческого тела, его анатомия и физиология, тесно соприкасаются с божественными законами; а одно помогает понять другое. Это необходимо сделать тому, кто хочет задушить болезни в зародыше и жить долго, независимо от того, верующий ли человек или атеист. Наше тело рано или поздно требует ремонта и обновления. Но так было не всегда, Человек, согласно священным текстам, был создан совершенным - по образу Божьему, без изъянов и болезней. Он был введен в специально созданный для него рай для бесконечного блаженства и наслаждения. Можно ли нам сейчас хоть немного приблизиться к райскому совершенству? Эта неожиданная книга написана ученым, кандидатом биологических наук, научным редактором доктора Мясникова, Родионова и многих других выдающихся врачей. Через неожиданные и увлекательные сюжеты, истории и рисунки Ольга Сорокина передает их бесценный опыт, который она накопила в процессе многолетней работы и личного общения. На страницах книги вы не раз встретитесь с парадоксальным пересечением божественных законов с законами нашей анатомии и физиологии и сможете понять их связь и влияние на свое тело и душу. Пусть новые знания пойдут на пользу вашему здоровью!
517 Другие варианты заглавия __
a Другие варианты заглавия Откровенный разговор биолога с верующими и неверующими
606 Тематические рубрики __
a Основная рубрика Здравоохранение. Медицинские науки
606 Тематические рубрики __
a Основная рубрика Личная гигиена
606 Тематические рубрики __
a Основная рубрика Религия. Мистика. Свободомыслие
606 Тематические рубрики __
a Основная рубрика Православие
610 Ключевые слова __
a Ключевые слова диеты
a Ключевые слова духовное здоровье
a Ключевые слова душевное здоровье
a Ключевые слова здоровый образ жизни
a Ключевые слова здоровье
a Ключевые слова здоровье человека
a Ключевые слова любовь
a Ключевые слова нравственное богословие
a Ключевые слова популярная медицина
a Ключевые слова популярная медицина
a Ключевые слова православная этика
a Ключевые слова причины болезней
a Ключевые слова причины заболеваний
a Ключевые слова профилактика болезней
a Ключевые слова профилактика заболеваний
a Ключевые слова психологическое здоровье
a Ключевые слова соматические болезни
a Ключевые слова соматические заболевания
686 Индексы других классификаций __
2 Код системы rubbks
a Классификационный индекс 51.204.0
686 Индексы других классификаций __
2 Код системы rubbks
a Классификационный индекс 86.372-44; ст51.204 + ст86.372-43
700 Автор _1
a Фамилия Сорокина
b Имя О.
g Полное личное имя Ольга
4 Код отношения 070
801 Источник записи _0
a Страна RU
b Организация Муниципальное бюджетное учреждение культуры "Централизованная библиотечная система" г. Сургут (Центральная городская библиотека им. А. С. Пушкина)
c Дата составления 20170811
g Правила каталогизации КиК/Котельникова
801 Источник записи _1
a Страна RU
b Организация Муниципальное бюджетное учреждение культуры "Централизованная библиотечная система" г. Сургут (Центральная городская библиотека им. А. С. Пушкина)
c Дата составления 20170811
g Правила каталогизации КиК/Котельникова
852 Данные о местонахождении __
j Шифр хранения 51.204.0
i Авторский знак С 65
901 Тип документа __
t Тип документа m
903 Характеристики (МАРС) __
a Дата передачи 20170906
969 Тип издания __
a Тип издания научно-популярное издание
990 Данные о заказе (DOS) __
j Количество экземпляров (DOS) 9
t N записи в КСУ для И/У (DOS) 201708